| 000 | 03046cas a2200661 a 4500 | ||
|---|---|---|---|
| 001 | 11144097 | ||
| 003 | OSt | ||
| 005 | 20230629135732.0 | ||
| 008 | 751101c19489999nyu x w i0 0eng c | ||
| 010 |
_a 49026849 _zsn 87044176 |
||
| 016 | _a(AMICUS)000007627771 | ||
| 016 | 7 |
_a002359061 _2IsJJNL |
|
| 016 | 7 |
_a009214977 _2Uk |
|
| 022 |
_a0251-7833 _l0251-7833 |
||
| 035 | _a(OCoLC)ocm01751691 | ||
| 040 |
_aMUL _beng _cMUL _dCOO _dHUL _dNST _dDLC _dEYM _dDLC _dOCL _dIUL _dSYS _dZBL _dOCLCQ _dNLGGC _dDLC _dCLU _dCUV _dBUF _dOCLCQ _dNYDRD _dIUL _dDLC _dOCLCA _dUKMGB _dEMI _dINU _dOCLCQ _dJ9U _dOCLCA _dOCLCQ _dOCLCA _dOCLCF _dOCLCO _dOCLCQ _dCSJ _dNLC _dOCLCQ _dOCLCA _dAU@ _dOCLCQ _dIL4J6 _dOCLCO _dOCLCQ |
||
| 041 | 0 |
_aeng _afre |
|
| 042 | _apcc | ||
| 050 | 0 | 0 |
_aKZ200 _b.R47 |
| 082 | 0 | 4 |
_a341.63 _bH1471r _2REP |
| 210 | 0 | _aRep. int. arbitral awards - U.N. | |
| 222 | 0 | _aReports of international arbitral awards - United Nations | |
| 245 | 0 | 0 |
_aReports of international arbitral awards = _bRecueil des sentences arbitrales. |
| 246 | 3 | 1 | _aRecueil des sentences arbitrales |
| 260 |
_a[Lake Success?, N.Y.] : _bUnited Nations, _c[1948?]- |
||
| 300 |
_avolumes ; _c24 cm + _eCD-ROMs |
||
| 310 | _aIrregular | ||
| 336 |
_atext _btxt _2rdacontent |
||
| 337 |
_aunmediated _bn _2rdamedia |
||
| 338 |
_avolume _bnc _2rdacarrier |
||
| 362 | 1 | _aBegan with vol. 1. | |
| 500 | _aVol. 25 (2005)--accompanied by 12 maps in pockets. Vol. 26 (published 2009) has maps also on CD-ROM. | ||
| 520 | _aIncludes the decisions of the Permanent Court of Arbitration. | ||
| 530 | _aAlso issued online. | ||
| 546 | _aEnglish and French. | ||
| 550 | _aVols. 1-3 prepared by the International Court of Justice Registry; v. 4-5 by the Legal Dept., United Nations Secretariat; v. 6-7 by the Office of Legal Affairs of the Secretariat of the U.N.; v. 8-20 by the Codification Division, Office of Legal Affairs of the Secretariat of the U.N. | ||
| 588 | _aLatest issue consulted: Vol. 26, published in 2009. | ||
| 590 | _aSERBIB/SERLOC merged record | ||
| 650 | 0 |
_aArbitration (International law) _vCases. |
|
| 650 | 0 |
_aInternational law _vSources. |
|
| 650 | 7 |
_aArbitration (International law) _2fast _0(OCoLC)fst01761738 |
|
| 650 | 7 |
_aInternational law. _2fast _0(OCoLC)fst00976984 |
|
| 650 | 1 | 7 |
_aInternationale arbitrage. _2gtt |
| 650 | 7 |
_aArbitration (International law) _vCases. _2nli |
|
| 650 | 1 | 7 |
_aARBITRAL AWARDS. _2unbist |
| 655 | 7 |
_aSources. _2fast _0(OCoLC)fst01423900 |
|
| 655 | 7 |
_aTrials, litigation, etc. _2fast _0(OCoLC)fst01423712 |
|
| 710 | 2 |
_aInternational Court of Justice. _bRegistry. |
|
| 710 | 2 |
_aUnited Nations. _bLegal Department. |
|
| 710 | 2 |
_aUnited Nations. _bOffice of Legal Affairs. |
|
| 710 | 2 |
_aUnited Nations. _bCodification Division. |
|
| 776 | 0 | 8 |
_iOnline version: _tReports of international arbitral awards _w(DLC) 2009250724 _w(OCoLC)61160895 |
| 906 |
_a7 _bcbc _cserials _du _encip _f19 _gn-oclcserc |
||
| 942 |
_2ddc _cBK |
||
| 999 |
_c3090 _d3090 |
||